Statistics for Top Universities in Asia Pacific

Click here to take the quiz!

General Stats

  • This quiz has been taken 86 times
    (41 since last reset)
  • The average score is 11 of 22

Answer Stats

RankLocationUniversity% Correct
31AustraliaUniversity of Melbourne
85%
51AustraliaUniversity of Sydney
85%
40Hong KongUniversity of Hong Kong
81%
60South KoreaSeoul National University
78%
36JapanThe University of Tokyo
74%
20ChinaTsinghua University
63%
23ChinaPeking University
59%
47SingaporeNanyang Technological University
52%
59AustraliaAustralian National University
48%
70ChinaFudan University
48%
64AustraliaMonash University
48%
67AustraliaUniversity of New South Wales
48%
54JapanKyoto University
44%
25SingaporeNational University of Singapore
44%
62AustraliaUniversity of Queensland
44%
58Hong KongChinese University of Hong Kong
41%
100ChinaShanghai Jiaotong University
41%
44Hong KongHong Kong University of Science and Technology
33%
97TaiwanNational Taiwan University
33%
94ChinaZhejiang University
33%
96South KoreaKorea Advanced Institute of Science and Technology
26%
87ChinaUniversity of Science and Technology of China
7%

Score Distribution

Percentile by Number Answered

Percent of People with Each Score

Your Score History

You have not taken this quiz since the last reset